Statistics for World Map with 10 Extra Borders #3

Click here to take the quiz!

General Stats

  • This quiz has been taken 1,740 times
    (980 since last reset)
  • The average score is 8 of 10

Answers on the Map

Answers color-coded by a green-red scale on the quiz's map according to % correct below.
Loading ...
 

Answer Stats

Country% Correct
Iran
92%
Indonesia
90%
Angola
85%
United Kingdom
85%
Suriname
82%
Kenya
81%
Belarus
79%
Italy
79%
Myanmar
76%
Tunisia
72%

Score Distribution

Percentile by Number Answered

Percent of People with Each Score

Your Score History

You have not taken this quiz since the last reset